Countries By Descriptions #8 - Statistics

General Stats
  • This quiz has been taken 22 times
  • The average score is 9 of 10
Answer Stats
Hint Answer % Correct
Central America, bordering the Caribbean Sea, between Guatemala and Nicaragua and bordering the Gulf of Fonseca (North Pacific Ocean), between El Salvador and Nicaragua Honduras
95%
Southern Asia, north and west of Pakistan, east of Iran Afghanistan
90%
Southern South America, bordering the South Pacific Ocean, between Argentina and Peru Chile
90%
Central America, bordering the North Pacific Ocean, between El Salvador and Mexico, and bordering the Gulf of Honduras between Honduras and Belize Guatemala
90%
Southern Asia, bordering the Arabian Sea and the Bay of Bengal, between Myanmar and Pakistan India
90%
Middle East, bordering the Gulf of Oman, the Persian Gulf, and the Caspian Sea, between Iraq and Pakistan Iran
90%
Western Africa, bordering the North Atlantic Ocean, between Guinea-Bissau and Sierra Leone Guinea
86%
Western Africa, bordering the North Atlantic Ocean, between Guinea and Senegal Guinea Bissau
86%
Southeastern Asia, archipelago between the Indian Ocean and the Pacific Ocean Indonesia
86%
Central Europe, northwest of Romania Hungary
81%
No matching quizzes found
Score Distribution
Percent of People with Each Score
Percentile by Number Answered
Your Score History
You have not taken this quiz